LEADER 01265nam a2200253 4500 001 000000351170 003 CaOOAMICUS 005 20220810135913.0 008 220810s1829 it a 000 u ita r 026 $eniei ).do onni cach (3) 1829 (A) 040 $aSeMil$bita 100 11$aTaccani, Francesco.$0(OLS)http://semarc/name/55945 245 10$aSulla origine la significazione e gli usi che si attribuiscono ai membri architettonici riflessioni di Francesco Taccani architetto. 264 1$aMilano :$bDalla tipografia di Angelo Bonfanti Corsia de' Servi num. 601,$c1829. 300 $a136 p., [1] carta di tav. :$bill. ;$c4° 500 $aSegn.: [1]8 2-8(8) 9(4) 650 4$aArchitettura.$0(OLS)http://semarc/subject/1916 700 1 $aBonfanti, Angelo,$c.$0(OLS)http://semarc/name/8358 850 $aSeMil 852 $aSeMil$W1$xVenegono$y1$m5A VII 5 FA$j233866$B242250$CSeMilBibl$Z2$F242250 $8I 941 1 $a10 996 $6245$aSulla origine la significazione e gli usi che si attribuiscono ai membri architettonici riflessioni di Francesco Taccani architetto$9(OLS)http://semarc/title/440954 996 $6264$aMilano :$bDalla tipografia di Angelo Bonfanti Corsia de' Servi num. 601$9(OLS)http://semarc/publisher/60561 LEADER 00936nam a2200217 4500 001 000000354900 003 CaOOAMICUS 005 20230807120605.0 008 230807s1901 it 000 u ita r 040 $aSeMil$bita 100 1 $aBrambilla, Rinaldo.$0(OLS)http://semarc/name/118017 245 10$aEducazione e istruzione della donna moderna / $cRinaldo Brambilla. 264 1$aMilano :$bLibr. Edit. Domenico Briola,$c1901. 300 $a31 p. ;$c22 cm 500 $a[Parole] alle alunne della scuola complementare femminile di Ceva 650 4$aDonna - Sec. 20.$0(OLS)http://semarc/subject/13514 850 $aSeMil 852 $aSeMil$W1$xVenegono$y1$m5B IV 1/16$j242916$B246189$CSeMilBibl$Z2$F246189 $81 996 $6245$aEducazione e istruzione della donna moderna / $9(OLS)http://semarc/title/445072 996 $6264$aMilano :$bLibr. Edit. Domenico Briola$9(OLS)http://semarc/publisher/61163